Nová energetická legislatíva na Slovensku

Najvýznamnejšie zmeny v povinnostiach, ktoré stanovujú pre podnikanie a výkon štátnej správy v sektore elektroenergetiky a plynárenstva. Nové zákony o regulácii v sieťových odvetviach, s cieľom odstránenia transpozičného deficitu Slovenskej republiky. Vyššia transparentnosť na energetickom trhu, po...

Descrizione completa

Salvato in:
Dettagli Bibliografici
Autore principale: Sliva, Martin
Natura: Capitolo di libro
Lingua:slovacco
Soggetti:
Tags: Aggiungi Tag
Nessun Tag, puoi essere il primo ad aggiungerne!!

MARC

LEADER 00000naa a2200000 4500
001 0229939
005 20221104125214.5
041 0 |a slo 
044 |a CZ 
245 1 0 |a Nová energetická legislatíva na Slovensku  |c Martin Sliva 
520 |a Najvýznamnejšie zmeny v povinnostiach, ktoré stanovujú pre podnikanie a výkon štátnej správy v sektore elektroenergetiky a plynárenstva. Nové zákony o regulácii v sieťových odvetviach, s cieľom odstránenia transpozičného deficitu Slovenskej republiky. Vyššia transparentnosť na energetickom trhu, posilnenie práv odberateľa a hľadanie rovnováhy medzi opatreniami a ich dopadmi. 
610 2 0 |a Slovensko 
610 2 0 |a hospodárstvo energetické 
610 2 0 |a trh energetický 
610 2 0 |a odvetvia sieťové 
610 2 0 |a regulácia cenová 
610 2 0 |a zákony 
610 2 0 |a transparentnosť 
100 1 |a Sliva, Martin